The Beatles Original UK LPs - Statistics

General Stats
  • This quiz has been taken 3,941 times
  • The average score is 10 of 12
Answer Stats
Year Album % Correct
1968 The Beatles
95%
1969 Abbey Road
94%
1967 Sgt. Pepper's Lonely Hearts Club Band
94%
1970 Let it Be
93%
1966 Revolver
92%
1965 Help!
90%
1965 Rubber Soul
89%
1963 Please Please Me
85%
1969 Yellow Submarine
82%
1963 With The Beatles
80%
1964 A Hard Day's Night
79%
1964 Beatles for Sale
71%
No matching quizzes found
Score Distribution
Percent of People with Each Score
Percentile by Number Answered
Your Score History
You have not taken this quiz